[Event "SVK-chT1W 2122"]
[Site "Slovakia"]
[Date "2022.05.14"]
[Round "10.3"]
[White "Borhy, Marcell Boldizsar"]
[Black "Kovac, Andrej"]
[Result "1-0"]
[WhiteElo "2396"]
[BlackElo "2225"]
[PlyCount "71"]
[EventDate "2021.11.06"]
[EventType "team-tourn"]
[EventRounds "11"]
[EventCountry "SVK"]
[SourceTitle "EXT 2023"]
[Source "ChessBase"]
[SourceDate "2022.10.05"]
[SourceVersion "1"]
[SourceVersionDate "2022.10.05"]
[SourceQuality "1"]
[WhiteTeam "Gabcikovo MSK"]
[BlackTeam "Bratislava Slovan II"]
[WhiteTeamCountry "SVK"]
[BlackTeamCountry "SVK"]

1. Nf3 Nf6 2. c4 g6 3. g3 Bg7 4. Bg2 0-0 5. d4 c5 6. 0-0 cxd4 7. Nxd4 Nc6 8. Nc3 Nxd4 9. Qxd4 d6 10. Qd3 a6 11. Bg5 Rb8 12. Rac1 Bg4 13. Rfd1 Qa5 14. Qd2 Rfe8 15. b3 b5 16. h3 b4 17. Bxf6 exf6 18. hxg4 bxc3 19. Rxc3 Rxe2 20. Qxe2 Qxc3 21. Rxd6 a5 22. Bd5 a4 23. Bxf7+ Kh8 24. Rb6 Rf8 25. Rb7 a3 26. Bd5 f5 27. gxf5 Rxf5 28. Kg2 Qd4 29. Rd7 Rf8 30. Bc6 Qc5 31. Bf3 Qf5 32. Rd3 Qc5 33. Qe3 Qc8 34. c5 Re8 35. Qg5 Be5 36. b4 1-0

[Event "SVK-chT1W 2122"]
[Site "Slovakia"]
[Date "2022.04.23"]
[Round "8.2"]
[White "Skreno, Vladimir"]
[Black "Kovac, Andrej"]
[Result "0-1"]
[WhiteElo "2101"]
[BlackElo "2225"]
[PlyCount "66"]
[EventDate "2021.11.06"]
[EventType "team-tourn"]
[EventRounds "11"]
[EventCountry "SVK"]
[SourceTitle "EXT 2023"]
[Source "ChessBase"]
[SourceDate "2022.10.05"]
[SourceVersion "1"]
[SourceVersionDate "2022.10.05"]
[SourceQuality "1"]
[WhiteTeam "Nitra NSK"]
[BlackTeam "Bratislava Slovan II"]
[WhiteTeamCountry "SVK"]
[BlackTeamCountry "SVK"]

1. d4 Nf6 2. Nf3 g6 3. c4 Bg7 4. Nc3 0-0 5. e4 d6 6. Be2 e5 7. 0-0 Nc6 8. d5 Ne7 9. Ne1 Nd7 10. f3 f5 11. g4 Kh8 12. Be3 Ng8 13. Qd2 f4 14. Bf2 h5 15. h3 Bf6 16. Nd3 Bh4 17. Qe1 Bxf2+ 18. Qxf2 Rf7 19. Kg2 Rh7 20. Rh1 Nf8 21. c5 g5 22. Rac1 Ng6 23. Qg1 Nh4+ 24. Kf1 Nf6 25. b4 Qe8 26. Nf2 a5 27. cxd6 axb4 28. Nb5 Nxf3 29. Bxf3 Qxb5+ 30. Be2 Qb6 31. gxh5 Nxh5 32. Qxg5 Ng3+ 33. Ke1 Qxf2+ 0-1

[Event "SVK-chT1W 1819"]
[Site "Slovakia"]
[Date "2019.03.17"]
[Round "11.2"]
[White "Ondrus, Martin"]
[Black "Kovac, Andrej"]
[Result "1-0"]
[WhiteElo "2256"]
[BlackElo "2217"]
[PlyCount "85"]
[EventDate "2018.10.27"]
[EventType "team-tourn"]
[EventRounds "11"]
[EventCountry "SVK"]
[SourceTitle "CBM 189 Extra"]
[Source "ChessBase"]
[SourceDate "2019.06.03"]
[SourceVersion "1"]
[SourceVersionDate "2019.06.03"]
[SourceQuality "1"]
[WhiteTeam "Nitra NSK"]
[BlackTeam "Bratislava Slovan III"]
[WhiteTeamCountry "SVK"]
[BlackTeamCountry "SVK"]

1. e4 e6 2. d4 d5 3. Nd2 Nf6 4. e5 Nfd7 5. Bd3 c5 6. c3 Nc6 7. Ne2 cxd4 8. cxd4 f6 9. exf6 Qxf6 10. Nf3 h6 11. 0-0 Bd6 12. Ng3 0-0 13. Bc2 Rf7 14. Nh5 Qd8 15. Bg6 Re7 16. Bf4 Nf8 17. Bc2 Qc7 18. Bxd6 Qxd6 19. Re1 Bd7 20. Qd2 Be8 21. Nf4 Rc8 22. Rac1 Rec7 23. Bb1 Bf7 24. Rc3 b6 25. h4 Na5 26. Rxc7 Rxc7 27. b3 Nc6 28. Qe3 b5 29. g4 b4 30. g5 Ne7 31. Ne5 Rc3 32. Qe2 Nf5 33. Bxf5 exf5 34. Kg2 Ne6 35. Nxe6 Qxe6 36. Qb5 f4 37. Qb8+ Kh7 38. Nxf7 Qxf7 39. Re8 f3+ 40. Kg3 Rc1 41. Rh8+ Kg6 42. Qd6+ Kh5 43. Rxh6+ 1-0

[Event "SVK-chT1W 1819"]
[Site "Slovakia"]
[Date "2019.02.23"]
[Round "8.3"]
[White "Kovac, Andrej"]
[Black "Jablonicky, Frantisek"]
[Result "1/2-1/2"]
[WhiteElo "2217"]
[BlackElo "2027"]
[PlyCount "72"]
[EventDate "2018.10.27"]
[EventType "team-tourn"]
[EventRounds "11"]
[EventCountry "SVK"]
[SourceTitle "CBM 189 Extra"]
[Source "ChessBase"]
[SourceDate "2019.06.03"]
[SourceVersion "1"]
[SourceVersionDate "2019.06.03"]
[SourceQuality "1"]
[WhiteTeam "Bratislava Slovan III"]
[BlackTeam "Trnava Sered"]
[WhiteTeamCountry "SVK"]
[BlackTeamCountry "SVK"]

1. b3 e5 2. Bb2 Nc6 3. e3 d6 4. Bb5 Bd7 5. Nf3 f5 6. d4 e4 7. Nfd2 Nf6 8. 0-0 g6 9. f3 Qe7 10. fxe4 Nxe4 11. Bxc6 bxc6 12. Nxe4 Qxe4 13. d5 Rg8 14. Qe2 cxd5 15. Nc3 Qe6 16. Rad1 c6 17. Kh1 Bg7 18. Na4 Be5 19. c4 dxc4 20. bxc4 c5 21. Nc3 Bxc3 22. Bxc3 Bc6 23. Be1 Kf7 24. Bg3 Rad8 25. Rd2 Rge8 26. Bf4 d5 27. cxd5 Rxd5 28. Rxd5 Bxd5 29. Qb2 c4 30. Rd1 Rc8 31. Be5 Qc6 32. Bc3 Rc7 33. Kg1 Rb7 34. Qd2 Rd7 35. Qd4 Ke7 36. Qh8 Bf7 1/2-1/2

[Event "SVK-chT1W 1819"]
[Site "Slovakia"]
[Date "2019.01.12"]
[Round "5.3"]
[White "Kovac, Andrej"]
[Black "Janos, Martin"]
[Result "1-0"]
[WhiteElo "2215"]
[BlackElo "2177"]
[PlyCount "81"]
[EventDate "2018.10.27"]
[EventType "team-tourn"]
[EventRounds "11"]
[EventCountry "SVK"]
[SourceTitle "CBM 188 Extra"]
[Source "ChessBase"]
[SourceDate "2019.02.26"]
[SourceVersion "1"]
[SourceVersionDate "2019.02.26"]
[SourceQuality "1"]
[WhiteTeam "Bratislava Slovan III"]
[BlackTeam "Bratislava Slovan II"]
[WhiteTeamCountry "SVK"]
[BlackTeamCountry "SVK"]

1. b3 c5 2. Bb2 d5 3. Nf3 Nc6 4. e3 a6 5. d4 Bg4 6. Be2 Nf6 7. 0-0 e6 8. c4 cxd4 9. cxd5 Nxd5 10. Nxd4 Bxe2 11. Qxe2 Nxd4 12. Bxd4 Qh4 13. Nd2 Bd6 14. f4 0-0 15. Rf3 Qe7 16. Ne4 f6 17. Nxd6 Qxd6 18. Rd1 Rad8 19. Rc1 Rf7 20. Bc5 Qb8 21. Rff1 Rfd7 22. Qg4 Re8 23. e4 Nc7 24. Rfd1 Rf7 25. Bd6 Qa7+ 26. Bc5 b6 27. Bf2 Qb7 28. Qe2 e5 29. f5 g6 30. fxg6 hxg6 31. Qg4 Ne6 32. Rd6 Nf4 33. g3 f5 34. Rxg6+ Nxg6 35. Qxg6+ Kh8 36. exf5 Qd7 37. Rc4 Qd1+ 38. Kg2 Qd5+ 39. Kf1 Qd1+ 40. Be1 Qf3+ 41. Kg1 1-0

[Event "SVK-chT2A 1819"]
[Site "Slovakia"]
[Date "2018.10.14"]
[Round "2.4"]
[White "Kovac, Andrej"]
[Black "Mikulas, Dusan"]
[Result "1-0"]
[WhiteElo "2222"]
[BlackElo "1973"]
[PlyCount "77"]
[EventDate "2018.10.13"]
[EventType "team-tourn"]
[EventRounds "11"]
[EventCountry "SVK"]
[SourceTitle "CBM 189 Extra"]
[Source "ChessBase"]
[SourceDate "2019.06.03"]
[SourceVersion "1"]
[SourceVersionDate "2019.06.03"]
[SourceQuality "1"]
[WhiteTeam "Gbely Nafta"]
[BlackTeam "Bratislava Slovan IV"]
[WhiteTeamCountry "SVK"]
[BlackTeamCountry "SVK"]

1. d4 d5 2. c4 e5 3. e3 exd4 4. exd4 Nf6 5. Nf3 c6 6. Bd3 Be7 7. 0-0 0-0 8. Ne5 Nbd7 9. Nc3 dxc4 10. Bxc4 Nb6 11. Bb3 Nbd5 12. Re1 Be6 13. Bg5 h6 14. Bh4 Nxc3 15. bxc3 Nd5 16. Bxe7 Qxe7 17. Bc2 Qd6 18. Qd3 Nf6 19. Re3 Rfd8 20. Rg3 Kf8 21. Re1 c5 22. Bb3 Bxb3 23. axb3 Qc7 24. Qc4 Rac8 25. dxc5 Rd5 26. Nd3 Rcd8 27. h3 b6 28. b4 a5 29. Rge3 axb4 30. cxb4 bxc5 31. Nxc5 Kg8 32. Re7 Qb8 33. Rb7 Qa8 34. Ree7 Qa1+ 35. Kh2 Qb2 36. Rxf7 Qxf2 37. Rxg7+ Kh8 38. Ne6 Re8 39. Nf4 1-0

[Event "SVK-chT1W 1617"]
[Site "Slovakia"]
[Date "2017.03.19"]
[Round "11.2"]
[White "Farkas, Gabor"]
[Black "Kovac, Andrej"]
[Result "1-0"]
[WhiteElo "2368"]
[BlackElo "2173"]
[PlyCount "173"]
[EventDate "2016.10.15"]
[EventType "team-tourn"]
[EventRounds "11"]
[EventCountry "SVK"]
[SourceTitle "EXT 2019"]
[Source "ChessBase"]
[SourceDate "2018.10.10"]
[SourceVersion "1"]
[SourceVersionDate "2018.10.10"]
[SourceQuality "1"]
[WhiteTeam "Gabcikovo Russel"]
[BlackTeam "Bratislava Slovan III"]
[WhiteTeamCountry "SVK"]
[BlackTeamCountry "SVK"]

1. e4 e5 2. Nf3 Nc6 3. Bb5 f5 4. Nc3 fxe4 5. Nxe4 Nf6 6. Nxf6+ Qxf6 7. Qe2 Be7 8. Bxc6 dxc6 9. Qxe5 Qf7 10. 0-0 0-0 11. Qxc7 Bg4 12. Ne5 Qe6 13. Nxg4 Bd6 14. Qxb7 Rab8 15. Qa6 Qxg4 16. Qxc6 Qe6 17. g3 Rbc8 18. Qg2 Bc5 19. d4 Bxd4 20. Be3 Bxb2 21. Rad1 Qxa2 22. Qd5+ Qxd5 23. Rxd5 Rxc2 24. Bxa7 h6 25. Be3 Bf6 26. Rb1 Ra8 27. Rb7 Raa2 28. Rdd7 Kh7 29. Kg2 Kg6 30. h4 h5 31. Rb5 Rab2 32. Rbd5 Rb8 33. Ra5 Re8 34. Kh3 Re5 35. Ra6 Rb5 36. Kg2 Kf5 37. Ra4 Ke6 38. Rd3 Kf5 39. Bd4 Bxd4 40. Raxd4 Rc6 41. Rf3+ Kg6 42. Rd7 Rf6 43. Rxf6+ Kxf6 44. Rd4 g6 45. Kf3 Ke5 46. Rf4 Rb3+ 47. Kg2 Rb2 48. Rf8 Ra2 49. Kh3 Ra4 50. f3 Rb4 51. g4 hxg4+ 52. fxg4 Rb3+ 53. Kg2 Rb6 54. Kg3 Rb3+ 55. Rf3 Rb6 56. Kh3 Ke4 57. Kg3 Ke5 58. h5 gxh5 59. gxh5 Rf6 60. Re3+ Kf5 61. Kh4 Rf7 62. Rf3+ Ke6 63. Rg3 Rf1 64. Kg5 Kf7 65. Kh6 Rf6+ 66. Kh7 Rf1 67. Rg7+ Kf8 68. h6 Ra1 69. Rg2 Ra7+ 70. Kh8 Rf7 71. Rg8+ Ke7 72. Rg3 Kf8 73. Ra3 Rf1 74. Ra6 Rg1 75. Rf6+ Ke7 76. Rf2 Rg3 77. Kh7 Rg1 78. Ra2 Kf7 79. Ra7+ Kf8 80. Rg7 Ra1 81. Rg5 Ra7+ 82. Kh8 Rf7 83. Rg8+ Ke7 84. h7 Rf1 85. Kg7 Rg1+ 86. Kh6 Rh1+ 87. Kg6 1-0

[Event "SVK-chT1W 1617"]
[Site "Slovakia"]
[Date "2017.01.22"]
[Round "7.3"]
[White "Sahidi, Samir"]
[Black "Kovac, Andrej"]
[Result "0-1"]
[WhiteElo "2262"]
[BlackElo "2173"]
[PlyCount "164"]
[EventDate "2016.10.15"]
[EventType "team-tourn"]
[EventRounds "11"]
[EventCountry "SVK"]
[SourceTitle "EXT 2018"]
[Source "ChessBase"]
[SourceDate "2017.10.13"]
[SourceVersion "1"]
[SourceVersionDate "2017.10.13"]
[SourceQuality "1"]
[WhiteTeam "Bratislava KSN"]
[BlackTeam "Bratislava Slovan III"]
[WhiteTeamCountry "SVK"]
[BlackTeamCountry "SVK"]

1. d4 Nf6 2. c4 c5 3. d5 b5 4. cxb5 a6 5. b6 d6 6. Nc3 g6 7. Nf3 Bg7 8. Nd2 Nbd7 9. e4 0-0 10. Na4 Nxb6 11. Nxb6 Qxb6 12. Nc4 Qc7 13. Bd3 Nd7 14. Bd2 Ne5 15. Nxe5 Bxe5 16. Bc3 Bxc3+ 17. bxc3 Bd7 18. Qd2 Rfb8 19. c4 Rb4 20. Ke2 Rab8 21. Rhb1 a5 22. a3 Rxb1 23. Rxb1 Rxb1 24. Bxb1 Qb6 25. Ba2 a4 26. f4 Qb8 27. Qc3 Qf8 28. g3 Qh6 29. h4 Qh5+ 30. Ke1 Qg4 31. Qe3 Qh3 32. Qg1 Bc8 33. Kf2 h5 34. Bb1 Qd7 35. Qc1 Qb7 36. Bc2 Qa6 37. Bd1 Qa5 38. Qb2 Kh7 39. Qc1 Bd7 40. Be2 Qb6 41. Qc2 Qb8 42. Ke3 Qh8 43. Qd3 Qb2 44. f5 Qe5 45. fxg6+ fxg6 46. Kf2 Kg7 47. Qe3 Qf6+ 48. Kg1 Qa1+ 49. Kg2 Qe1 50. e5 dxe5 51. Qxe5+ Kf7 52. Qf4+ Kg7 53. Qe3 Kf7 54. Qf2+ Qxf2+ 55. Kxf2 Kf6 56. Ke3 Ke5 57. Bd1 e6 58. dxe6 Kxe6 59. Kf4 Kf6 60. Bf3 Bf5 61. Bc6 Bc2 62. Be8 Ke7 63. Bb5 Kf6 64. Bc6 Bb3 65. Ke4 Ke6 66. Kf4 Kf6 67. Bd7 Bc2 68. g4 hxg4 69. Bxg4 Bb3 70. Bd7 Bc2 71. Bb5 Bb3 72. Bc6 Bc2 73. Bd7 Ke7 74. Bg4 Kf6 75. Be2 Ke6 76. Kg5 Ke5 77. Bg4 Kd4 78. Be6 Kc3 79. Bf7 Kb3 80. Bxg6 Bd1 81. Bh5 Bxh5 82. Kxh5 Kxa3 0-1

[Event "SVK-chT1W 1516"]
[Site "Slovakia"]
[Date "2016.03.19"]
[Round "10.7"]
[White "Kovac, Andrej"]
[Black "Bombek, Peter"]
[Result "1/2-1/2"]
[WhiteElo "2181"]
[BlackElo "2157"]
[PlyCount "23"]
[EventDate "2015.10.24"]
[EventType "team-tourn"]
[EventRounds "11"]
[EventCountry "SVK"]
[SourceTitle "EXT 2017"]
[Source "ChessBase"]
[SourceDate "2016.10.25"]
[SourceVersion "1"]
[SourceVersionDate "2016.10.25"]
[SourceQuality "1"]
[WhiteTeam "Bratislava Slovan III"]
[BlackTeam "Dubnica nad Vahom"]
[WhiteTeamCountry "SVK"]
[BlackTeamCountry "SVK"]

1. b3 d5 2. Bb2 Nf6 3. e3 Bf5 4. Nf3 e6 5. Be2 h6 6. d3 c5 7. 0-0 Nc6 8. Nbd2 Be7 9. a3 0-0 10. c4 Qd6 11. Rc1 Rfd8 12. cxd5 1/2-1/2

[Event "SVK-chT1W 1516"]
[Site "Slovakia"]
[Date "2015.11.14"]
[Round "3.7"]
[White "Arendas, Marek"]
[Black "Kovac, Andrej"]
[Result "0-1"]
[WhiteElo "2153"]
[BlackElo "2181"]
[PlyCount "44"]
[EventDate "2015.10.24"]
[EventType "team-tourn"]
[EventRounds "11"]
[EventCountry "SVK"]
[SourceTitle "CBM 170 Extra"]
[Source "ChessBase"]
[SourceDate "2016.02.25"]
[SourceVersion "1"]
[SourceVersionDate "2016.02.25"]
[SourceQuality "1"]
[WhiteTeam "Trnava Lokomotiva"]
[BlackTeam "Bratislava Slovan III"]
[WhiteTeamCountry "SVK"]
[BlackTeamCountry "SVK"]

1. e4 e6 2. d4 d5 3. exd5 exd5 4. Bd3 Nc6 5. c3 Bd6 6. Ne2 Nge7 7. Bf4 Bg4 8. Bg3 h5 9. f3 Bf5 10. Qc2 Bxd3 11. Qxd3 h4 12. Bxd6 Qxd6 13. Nd2 0-0-0 14. 0-0-0 Rde8 15. g3 g6 16. g4 g5 17. f4 gxf4 18. Qf3 Ng6 19. Rdf1 Re3 20. Qf2 Rhe8 21. Nxf4 Nxf4 22. Qxf4 Re1+ 0-1

[Event "SVK-chT 1415"]
[Site "Slovakia"]
[Date "2015.03.22"]
[Round "11.3"]
[White "Magat, Jozef"]
[Black "Kovac, Andrej"]
[Result "1/2-1/2"]
[WhiteElo "2130"]
[BlackElo "2165"]
[PlyCount "111"]
[EventDate "2014.10.25"]
[EventType "team-tourn"]
[EventRounds "11"]
[EventCountry "SVK"]
[SourceTitle "EXT 2016"]
[Source "ChessBase"]
[SourceDate "2015.10.08"]
[SourceVersion "1"]
[SourceVersionDate "2015.10.08"]
[SourceQuality "1"]
[WhiteTeam "Dunajov"]
[BlackTeam "Bratislava Slovan II"]
[WhiteTeamCountry "SVK"]
[BlackTeamCountry "SVK"]

1. d4 Nf6 2. Nf3 g6 3. c4 c5 4. e3 Bg7 5. Nc3 0-0 6. g3 d6 7. Bg2 Nc6 8. 0-0 a6 9. d5 Na5 10. Qd3 Rb8 11. a4 e6 12. Nd2 Ng4 13. Nf3 Nb3 14. Ra3 Nxc1 15. Rxc1 exd5 16. Qxd5 Be6 17. Qd3 Ne5 18. Nxe5 dxe5 19. Qxd8 Rfxd8 20. Bd5 Bxd5 21. Nxd5 e4 22. Rb3 b5 23. axb5 axb5 24. Ne7+ Kf8 25. Nc6 b4 26. Nxb8 Rxb8 27. Rd1 Ke7 28. Rd5 Rc8 29. g4 Ke6 30. g5 h6 31. h4 f5 32. gxf6 Bxf6 33. h5 g5 34. Kg2 g4 35. Kg3 Be5+ 36. Kxg4 Rg8+ 37. Kh4 Bd6 38. f3 exf3 39. e4 Rg2 40. Rxf3 Rh2+ 41. Kg4 Rg2+ 42. Kh4 Rxb2 43. e5 Be7+ 44. Rf6+ Bxf6+ 45. exf6 Kxf6 46. Rxc5 Rc2 47. Rc6+ Kf5 48. Rxh6 Rxc4+ 49. Kg3 Ke4 50. Rb6 Kd3 51. h6 Kc3 52. h7 Rc8 53. Kg4 Rh8 54. Rb7 b3 55. Kg5 b2 56. Kg6 1/2-1/2

[Event "SVK-chT1W 1415"]
[Site "Slovakia"]
[Date "2015.02.28"]
[Round "8.6"]
[White "Kovac, Andrej"]
[Black "Janko, Michal"]
[Result "1/2-1/2"]
[WhiteElo "2165"]
[BlackElo "2280"]
[PlyCount "52"]
[EventDate "2014.10.18"]
[EventType "team-tourn"]
[EventRounds "11"]
[EventCountry "SVK"]
[SourceTitle "EXT 2016"]
[Source "ChessBase"]
[SourceDate "2015.10.08"]
[SourceVersion "1"]
[SourceVersionDate "2015.10.08"]
[SourceQuality "1"]
[WhiteTeam "Bratislava Slovan III"]
[BlackTeam "Gabcikovo Russel"]
[WhiteTeamCountry "SVK"]
[BlackTeamCountry "SVK"]

1. b3 e5 2. Bb2 d6 3. e3 f5 4. d4 e4 5. Ne2 Nf6 6. g3 Be7 7. Bg2 0-0 8. c4 c6 9. Nbc3 d5 10. cxd5 cxd5 11. Qc1 Nc6 12. Ba3 Nb4 13. Bxb4 Bxb4 14. 0-0 g5 15. a3 Bd6 16. Nb5 Bb8 17. f4 exf3 18. Rxf3 Be6 19. Qc2 Qd7 20. Nbc3 Bd6 21. b4 Rac8 22. Rc1 Ne4 23. Qd3 Rc4 24. Rff1 Rfc8 25. Nxe4 fxe4 26. Qb3 Rxc1 1/2-1/2

[Event "SVK-chT1W 1415"]
[Site "Slovakia"]
[Date "2015.01.10"]
[Round "5.4"]
[White "Kovac, Andrej"]
[Black "Banas, Kamil"]
[Result "0-1"]
[WhiteElo "2165"]
[BlackElo "2213"]
[PlyCount "74"]
[EventDate "2014.10.18"]
[EventType "team-tourn"]
[EventRounds "11"]
[EventCountry "SVK"]
[SourceTitle "EXT 2016"]
[Source "ChessBase"]
[SourceDate "2015.10.08"]
[SourceVersion "1"]
[SourceVersionDate "2015.10.08"]
[SourceQuality "1"]
[WhiteTeam "Bratislava Slovan III"]
[BlackTeam "Modra"]
[WhiteTeamCountry "SVK"]
[BlackTeamCountry "SVK"]

1. b3 e5 2. Bb2 d6 3. e3 g6 4. d4 Bg7 5. dxe5 Bxe5 6. Nc3 Bg7 7. Nf3 Nf6 8. Bd3 0-0 9. Qd2 a6 10. 0-0-0 b5 11. h4 Bg4 12. Rdg1 Nbd7 13. Ng5 Nc5 14. f3 Bd7 15. g4 b4 16. Nce4 Nxd3+ 17. Qxd3 Bc6 18. h5 Nxe4 19. Nxe4 Bxb2+ 20. Kxb2 Qe7 21. Rh3 Bxe4 22. fxe4 Qe5+ 23. Kb1 Rae8 24. hxg6 fxg6 25. Qc4+ Qe6 26. Qxc7 Rf7 27. Qb6 a5 28. Qd4 Qe5 29. Rd1 Qxd4 30. Rxd4 Rf1+ 31. Kb2 Rg1 32. Rxd6 Rf8 33. Rd2 Rff1 34. c4 Ra1 35. Rhh2 Rgc1 36. Rd8+ Kg7 37. Rd7+ Kf8 0-1

[Event "SVK-chT 1415"]
[Site "Slovakia"]
[Date "2014.11.23"]
[Round "4.6"]
[White "Nayhebaver, Martin"]
[Black "Kovac, Andrej"]
[Result "0-1"]
[WhiteElo "2301"]
[BlackElo "2165"]
[PlyCount "77"]
[EventDate "2014.10.25"]
[EventType "team-tourn"]
[EventRounds "11"]
[EventCountry "SVK"]
[SourceTitle "CBM 163 Extra"]
[Source "ChessBase"]
[SourceDate "2014.12.23"]
[SourceVersion "1"]
[SourceVersionDate "2014.12.23"]
[SourceQuality "1"]
[WhiteTeam "Stara Lubovna"]
[BlackTeam "Bratislava Slovan II"]
[WhiteTeamCountry "SVK"]
[BlackTeamCountry "SVK"]

1. e4 e6 2. d4 d5 3. Nd2 Nf6 4. e5 Nfd7 5. Bd3 c5 6. c3 Nc6 7. Ne2 cxd4 8. cxd4 f6 9. exf6 Qxf6 10. 0-0 Bd6 11. Nf3 h6 12. Nc3 0-0 13. Be3 Rd8 14. Rc1 Nf8 15. Na4 e5 16. dxe5 Nxe5 17. Be2 Kh8 18. Nc3 Bg4 19. Nd4 Qh4 20. Bf4 Bxe2 21. Ncxe2 Qg4 22. h3 Qg6 23. Rc3 Ne6 24. Nxe6 Qxe6 25. Re3 Re8 26. Nc3 Qf5 27. Nxd5 Rad8 28. Qb3 Bc5 29. Ree1 Nd3 30. Rxe8+ Rxe8 31. Be3 Bxe3 32. Nxe3 Qe4 33. Rd1 Nf4 34. Qf7 Rc8 35. Kh2 Ne6 36. Qe7 Rf8 37. Kg1 Qg6 38. Qxb7 Nf4 39. Qf3 0-1

[Event "SVK-chT 1415"]
[Site "Slovakia"]
[Date "2014.11.22"]
[Round "3.5"]
[White "Kovac, Andrej"]
[Black "Palecek, Peter"]
[Result "1/2-1/2"]
[WhiteElo "2165"]
[BlackElo "2218"]
[PlyCount "42"]
[EventDate "2014.10.25"]
[EventType "team-tourn"]
[EventRounds "11"]
[EventCountry "SVK"]
[SourceTitle "CBM 163 Extra"]
[Source "ChessBase"]
[SourceDate "2014.12.23"]
[SourceVersion "1"]
[SourceVersionDate "2014.12.23"]
[SourceQuality "1"]
[WhiteTeam "Bratislava Slovan II"]
[BlackTeam "Liptov Chess School"]
[WhiteTeamCountry "SVK"]
[BlackTeamCountry "SVK"]

1. b3 e5 2. Bb2 Nc6 3. e3 Nf6 4. Bb5 d6 5. Ne2 Bd7 6. d4 a6 7. Bxc6 Bxc6 8. 0-0 exd4 9. Nxd4 Bd7 10. Qf3 d5 11. h3 Be7 12. Nc3 c6 13. Nf5 Bxf5 14. Qxf5 0-0 15. Rad1 Qc8 16. Qf3 Qe6 17. Rfe1 Bb4 18. a3 Bxc3 19. Bxc3 Ne4 20. Bb2 Rfe8 21. Qg4 Qxg4 1/2-1/2

[Event "SVK-chT 1415"]
[Site "Slovakia"]
[Date "2014.10.26"]
[Round "2.2"]
[White "Kovac, Andrej"]
[Black "Kusiak, Matej"]
[Result "0-1"]
[WhiteElo "2165"]
[BlackElo "2258"]
[PlyCount "168"]
[EventDate "2014.10.25"]
[EventType "team-tourn"]
[EventRounds "11"]
[EventCountry "SVK"]
[SourceTitle "EXT 2015"]
[Source "ChessBase"]
[SourceDate "2014.11.20"]
[SourceVersion "1"]
[SourceVersionDate "2014.11.20"]
[SourceQuality "1"]
[WhiteTeam "Bratislava Slovan II"]
[BlackTeam "Kosice Slavia"]
[WhiteTeamCountry "SVK"]
[BlackTeamCountry "SVK"]

1. b3 e5 2. Bb2 Nc6 3. e3 Nf6 4. Bb5 d6 5. Nf3 a6 6. Bxc6+ bxc6 7. d4 e4 8. Nfd2 Bg4 9. Qc1 Be7 10. c4 0-0 11. Nc3 Bf5 12. 0-0 Re8 13. Ne2 Qd7 14. Ng3 Bg6 15. Rd1 h5 16. Qc3 h4 17. Ne2 Bh5 18. Re1 Bxe2 19. Rxe2 Qg4 20. Ree1 h3 21. g3 Nh7 22. Qc2 Ng5 23. Qd1 Qf5 24. Rc1 Bf6 25. c5 d5 26. Bc3 g6 27. Ba5 Re7 28. Qe2 Bg7 29. Rf1 Bh6 30. Nb1 Nf3+ 31. Kh1 Qg4 32. Rc2 f5 33. Qd1 f4 34. exf4 Bxf4 35. Nd2 Bxd2 36. Bxd2 e3 37. fxe3 Rf8 38. Bc1 Qe4 39. Rcf2 Nxd4+ 40. Kg1 Rxf2 41. Rxf2 Nf5 42. Qf1 d4 43. exd4 Qxd4 44. Qc4+ Qxc4 45. bxc4 Re1+ 46. Rf1 Re2 47. Rf2 Nxg3 48. hxg3 h2+ 49. Rxh2 Re1+ 50. Kg2 Rxc1 51. Rh4 Rc2+ 52. Kf3 Rxa2 53. Rd4 Ra5 54. Rd8+ Kf7 55. Rd7+ Kf6 56. Rxc7 Rxc5 57. Ra7 a5 58. Ke3 Rxc4 59. Rxa5 Rc3+ 60. Kf4 Rc4+ 61. Ke3 c5 62. Kd3 Rd4+ 63. Ke3 Rd5 64. Ra6+ Kf5 65. g4+ Kg5 66. Rc6 Kh6 67. Ke4 Rd4+ 68. Ke3 Rc4 69. Kd3 Rxg4 70. Rxc5 Rg5 71. Rc8 Re5 72. Rf8 g5 73. Kd4 Re1 74. Kd3 Kh5 75. Kd2 Re6 76. Rh8+ Kg4 77. Rf8 Kg3 78. Rf5 g4 79. Rf8 Kg2 80. Rf4 g3 81. Rf8 Kg1 82. Rf7 Rh6 83. Ke2 g2 84. Rg7 Kh1 0-1

[Event "SVK-chT 1415"]
[Site "Slovakia"]
[Date "2014.10.25"]
[Round "1.1"]
[White "Regec, Viliam1111"]
[Black "Kovac, Andrej"]
[Result "0-1"]
[WhiteElo "2034"]
[BlackElo "2165"]
[PlyCount "100"]
[EventDate "2014.10.25"]
[EventType "team-tourn"]
[EventRounds "11"]
[EventCountry "SVK"]
[SourceTitle "CBM 163 Extra"]
[Source "ChessBase"]
[SourceDate "2014.12.23"]
[SourceVersion "1"]
[SourceVersionDate "2014.12.23"]
[SourceQuality "1"]
[WhiteTeam "Prakovce"]
[BlackTeam "Bratislava Slovan II"]
[WhiteTeamCountry "SVK"]
[BlackTeamCountry "SVK"]

1. e4 e6 2. d3 d5 3. Nd2 c5 4. c3 Nc6 5. Ngf3 g6 6. Be2 Bg7 7. Qc2 Nge7 8. Nf1 b6 9. Ng3 Bb7 10. Bd2 Qc7 11. Rc1 Rc8 12. Be3 Qb8 13. Qd2 h6 14. Qc2 0-0 15. Ng1 f5 16. Bd2 c4 17. exf5 cxd3 18. Qxd3 Ne5 19. Qb1 exf5 20. Nh3 Nc4 21. Bf4 Qa8 22. Bxc4 dxc4 23. f3 Bxf3 24. gxf3 Qxf3 25. Qc2 Nd5 26. Qf2 Qd3 27. Qd2 Rce8+ 28. Kd1 Nxf4 29. Nxf4 Qf3+ 30. Kc2 Rd8 31. Qe2 Qxf4 32. Qe6+ Kh7 33. Rcd1 Qf2+ 34. Qe2 Qxe2+ 35. Nxe2 Rfe8 36. Rxd8 Rxd8 37. Rf1 Re8 38. Kd2 Bf6 39. Kd1 Re3 40. Ng1 b5 41. Kd2 Rd3+ 42. Ke2 a5 43. Rf3 Rxf3 44. Nxf3 g5 45. a4 bxa4 46. Nd2 g4 47. Nxc4 Bd8 48. Nd6 Kg6 49. c4 Bc7 50. Nb7 Bxh2 0-1

[Event "SVK-ch U20"]
[Site "Prievidza"]
[Date "2014.04.29"]
[Round "6"]
[White "Gazik, Viktor"]
[Black "Kovac, Andrej"]
[Result "1-0"]
[WhiteElo "2160"]
[BlackElo "2156"]
[PlyCount "31"]
[EventDate "2014.04.25"]
[EventType "tourn"]
[EventRounds "10"]
[EventCountry "SVK"]
[SourceTitle "CBM 160 Extra"]
[Source "ChessBase"]
[SourceDate "2014.07.01"]
[SourceVersion "1"]
[SourceVersionDate "2014.07.01"]
[SourceQuality "1"]

1. f4 e5 2. fxe5 d6 3. exd6 Bxd6 4. Nf3 Bg4 5. e4 Qf6 6. Nc3 Nd7 7. Be2 Qh6 8. d4 Bg3+ 9. Kf1 Qh5 10. Kg1 Bd6 11. e5 Be7 12. h3 Bxf3 13. Bxf3 Qh4 14. Kh2 c5 15. Nb5 0-0-0 16. g3 1-0

[Event "SVK-ch U20"]
[Site "Prievidza"]
[Date "2014.04.28"]
[Round "4"]
[White "Sosovicka, Juraj"]
[Black "Kovac, Andrej"]
[Result "1/2-1/2"]
[WhiteElo "2261"]
[BlackElo "2156"]
[PlyCount "33"]
[EventDate "2014.04.25"]
[EventType "tourn"]
[EventRounds "10"]
[EventCountry "SVK"]
[SourceTitle "CBM 160 Extra"]
[Source "ChessBase"]
[SourceDate "2014.07.01"]
[SourceVersion "1"]
[SourceVersionDate "2014.07.01"]
[SourceQuality "1"]

1. e4 e5 2. Nf3 Nc6 3. d4 exd4 4. Nxd4 Bc5 5. Be3 Qf6 6. c3 Nge7 7. Bc4 Ne5 8. Be2 Qg6 9. 0-0 d6 10. Kh1 Qxe4 11. Nd2 Qg6 12. Bh5 Qd3 13. Be2 Qg6 14. Bh5 Qd3 15. Be2 Qg6 16. Bh5 Qd3 17. Be2 1/2-1/2